[Event "GER-chT U20"]
[Site "Osnabrueck"]
[Date "2015.12.30"]
[Round "7.4"]
[White "Mikeler, Marcel"]
[Black "Merker, Konstantin"]
[Result "1-0"]
[WhiteElo "1873"]
[BlackElo "1791"]
[PlyCount "113"]
[EventDate "2015.12.27"]
[EventType "team-swiss"]
[EventRounds "7"]
[EventCountry "GER"]
[SourceTitle "EXT 2017"]
[Source "ChessBase"]
[SourceDate "2016.10.25"]
[SourceVersion "1"]
[SourceVersionDate "2016.10.25"]
[SourceQuality "1"]
[WhiteTeam "Heilbronn"]
[BlackTeam "Coswig"]
[WhiteTeamCountry "GER"]
[BlackTeamCountry "GER"]

1. d4 d5 2. c4 c6 3. Nf3 Nf6 4. Nc3 e6 5. e3 Nbd7 6. Bd3 Bd6 7. 0-0 0-0 8. b3 e5 9. cxd5 cxd5 10. dxe5 Nxe5 11. Be2 Nxf3+ 12. Bxf3 Be5 13. Bb2 Bf5 14. Na4 Bxb2 15. Nxb2 Rc8 16. Qd4 Rc2 17. Bd1 Rc6 18. b4 Qc7 19. Bb3 Bc2 20. Nd3 Bxb3 21. axb3 b6 22. b5 Rc3 23. Rfc1 Rc8 24. h3 h6 25. Rxc3 Qxc3 26. Rc1 Qxc1+ 27. Nxc1 Rxc1+ 28. Kh2 Rc7 29. f3 Rd7 30. g4 Kf8 31. Kg3 Ke7 32. Qe5+ Kf8 33. h4 Re7 34. Qc3 Rd7 35. Kf4 Ke7 36. g5 hxg5+ 37. hxg5 Nh5+ 38. Kg4 g6 39. Qe5+ Kf8 40. Qh8+ Ke7 41. f4 Kd6 42. b4 Kc7 43. Qa8 Kd6 44. Qc6+ Ke7 45. f5 d4 46. f6+ Kd8 47. Qa8+ Kc7 48. Qxa7+ Kc8 49. Qa8+ Kc7 50. Qc6+ Kd8 51. Qxb6+ Kc8 52. exd4 Nf4 53. Kxf4 Rb7 54. Qc6+ Kb8 55. Qd6+ Ka8 56. Qd8+ Rb8 57. Qxb8+ 1-0

[Event "GER-chT U20"]
[Site "Osnabrueck"]
[Date "2015.12.27"]
[Round "2.3"]
[White "Leeb, Simon"]
[Black "Merker, Konstantin"]
[Result "1-0"]
[WhiteElo "2065"]
[BlackElo "1791"]
[PlyCount "77"]
[EventDate "2015.12.27"]
[EventType "team-swiss"]
[EventRounds "7"]
[EventCountry "GER"]
[SourceTitle "EXT 2017"]
[Source "ChessBase"]
[SourceDate "2016.10.25"]
[SourceVersion "1"]
[SourceVersionDate "2016.10.25"]
[SourceQuality "1"]
[WhiteTeam "Muenchen Suedost"]
[BlackTeam "Coswig"]
[WhiteTeamCountry "GER"]
[BlackTeamCountry "GER"]

1. d4 Nf6 2. c4 g6 3. Nc3 Bg7 4. e4 d6 5. Be2 0-0 6. Bg5 c5 7. d5 e6 8. Nf3 exd5 9. cxd5 Re8 10. 0-0 Qb6 11. Qc2 Nbd7 12. Nd2 a6 13. h3 Qc7 14. a4 Rb8 15. Rfe1 h6 16. Bf4 Ne5 17. Bh2 g5 18. Bf1 Bd7 19. a5 Nh5 20. Ne2 Bb5 21. Ng3 Nxg3 22. Bxg3 c4 23. Re3 Rec8 24. Nf3 Nxf3+ 25. Rxf3 b6 26. axb6 Rxb6 27. Re1 Qc5 28. e5 dxe5 29. Qf5 Rf8 30. h4 gxh4 31. Bxh4 Qxd5 32. Rg3 Kh8 33. Qh5 Qe6 34. f4 e4 35. f5 Qe5 36. Rg4 Qxb2 37. Rexe4 c3 38. f6 Rxf6 39. Bxf6 1-0

[Event "GER-chT U20"]
[Site "Osnabrueck"]
[Date "2013.12.30"]
[Round "7.6"]
[White "Stemmler, Fabian"]
[Black "Merker, Konstantin"]
[Result "1/2-1/2"]
[WhiteElo "1556"]
[BlackElo "1727"]
[PlyCount "95"]
[EventDate "2013.12.27"]
[EventType "team-swiss"]
[EventRounds "7"]
[EventCountry "GER"]
[SourceTitle "EXT 2015"]
[Source "ChessBase"]
[SourceDate "2014.11.20"]
[SourceVersion "1"]
[SourceVersionDate "2014.11.20"]
[SourceQuality "1"]
[WhiteTeam "Brackel"]
[BlackTeam "Coswig"]
[WhiteTeamCountry "GER"]
[BlackTeamCountry "GER"]

1. e4 d5 2. exd5 Nf6 3. d4 Nxd5 4. c4 Nb6 5. Nf3 Bg4 6. c5 N6d7 7. Qb3 Nc6 8. Bc4 e6 9. Nbd2 Na5 10. Qc3 Nxc4 11. Qxc4 Bxf3 12. Nxf3 c6 13. Bf4 Be7 14. 0-0 0-0 15. Rfe1 Nf6 16. Re2 Nh5 17. Be5 Qd7 18. Rae1 Rfe8 19. h3 Rad8 20. b4 Qd5 21. Qc2 g6 22. Qd2 Bf8 23. Re4 Ng7 24. Bf6 Rc8 25. Re5 Qd7 26. h4 Nf5 27. g4 Ne7 28. h5 Bg7 29. Bxg7 Kxg7 30. h6+ Kg8 31. Qe2 Nd5 32. a3 Red8 33. g5 Ne7 34. Rd1 Nf5 35. Qe4 Qe7 36. Qf4 Rd7 37. Nh4 Nxh4 38. Qxh4 Rcd8 39. Qf4 Rd5 40. Kf1 R5d7 41. Re4 Rd5 42. Re5 Re8 43. Rde1 Rxe5 44. Qxe5 Qf8 45. Qf6 Rd8 46. Re4 Rd5 47. Rf4 a6 48. a4 1/2-1/2

[Event "GER-chT U20"]
[Site "Osnabrueck"]
[Date "2013.12.28"]
[Round "3.6"]
[White "Merker, Konstantin"]
[Black "Hinrichs, Lars"]
[Result "0-1"]
[WhiteElo "1727"]
[BlackElo "1996"]
[PlyCount "80"]
[EventDate "2013.12.27"]
[EventType "team-swiss"]
[EventRounds "7"]
[EventCountry "GER"]
[SourceTitle "EXT 2015"]
[Source "ChessBase"]
[SourceDate "2014.11.20"]
[SourceVersion "1"]
[SourceVersionDate "2014.11.20"]
[SourceQuality "1"]
[WhiteTeam "Coswig"]
[BlackTeam "Hamburger SK"]
[WhiteTeamCountry "GER"]
[BlackTeamCountry "GER"]

1. d4 d5 2. c4 c6 3. Nc3 Nf6 4. Nf3 a6 5. e3 b5 6. b3 Bg4 7. h3 Bxf3 8. Qxf3 e6 9. c5 Nbd7 10. Be2 Qa5 11. Bd2 b4 12. Na4 Ne4 13. Rd1 Ndf6 14. 0-0 Nxd2 15. Rxd2 Qc7 16. Bd3 Be7 17. e4 dxe4 18. Bxe4 Nxe4 19. Qxe4 0-0 20. Rfd1 Rfd8 21. f4 Bf6 22. Rd3 Rab8 23. Nb6 Be7 24. Nc4 a5 25. Ne5 Rd5 26. Nc4 Rbd8 27. g4 g6 28. Nb6 Rxd4 29. Rxd4 Bxc5 30. Kg2 Bxd4 31. Rxd4 Qxb6 32. Rxd8+ Qxd8 33. Qxc6 Qd5+ 34. Qxd5 exd5 35. Kf3 f6 36. Ke3 Kf7 37. Kd4 Ke6 38. h4 Kd6 39. g5 fxg5 40. hxg5 Ke6 0-1

[Event "Sachsen-ch U18"]
[Site "Sebnitz"]
[Date "2013.04.03"]
[Round "3"]
[White "Pinka, Maximilian"]
[Black "Merker, Konstantin"]
[Result "0-1"]
[WhiteElo "1503"]
[BlackElo "1767"]
[PlyCount "84"]
[EventDate "2013.04.02"]
[EventType "swiss"]
[EventRounds "7"]
[EventCountry "GER"]
[SourceTitle "EXT 2014"]
[Source "ChessBase"]
[SourceDate "2013.11.20"]
[SourceVersion "1"]
[SourceVersionDate "2013.11.20"]
[SourceQuality "1"]

1. e4 d5 2. exd5 Nf6 3. d4 Nxd5 4. c4 Nb6 5. Nf3 Bg4 6. Be3 e6 7. Nbd2 Nc6 8. Qc2 Be7 9. Bd3 Nb4 10. Qb1 Nxd3+ 11. Qxd3 0-0 12. 0-0 Bf6 13. Rfd1 Re8 14. Qc2 Qe7 15. Re1 Rad8 16. Rac1 c6 17. b3 Rd7 18. Ne5 Bxe5 19. dxe5 Bf5 20. Qc3 Qa3 21. Ra1 Red8 22. Nf3 Rd3 23. Qc1 Qb4 24. h3 h6 25. Nh4 Bh7 26. Bxh6 gxh6 27. Qxh6 Qf8 28. Qg5+ Qg7 29. Nf3 Qxg5 30. Nxg5 Bg6 31. Kh2 Rd2 32. f3 Rf2 33. Ne4 Bxe4 34. Rxe4 Rdd2 35. Rg4+ Kf8 36. a3 Rxf3 37. h4 Nd7 38. Re1 Rf5 39. Rg3 Nxe5 40. Kh3 Rd3 41. Rxd3 Nxd3 42. Rd1 Nf2+ 0-1

[Event "GER-chT U20"]
[Site "Osnabrueck"]
[Date "2012.12.29"]
[Round "5.5"]
[White "Groetzbach, Julian"]
[Black "Merker, Konstantin"]
[Result "1-0"]
[WhiteElo "2019"]
[BlackElo "1727"]
[PlyCount "79"]
[EventDate "2012.12.27"]
[EventType "team-swiss"]
[EventRounds "7"]
[EventCountry "GER"]
[SourceTitle "EXT 2014"]
[Source "ChessBase"]
[SourceDate "2013.11.20"]
[SourceVersion "1"]
[SourceVersionDate "2013.11.20"]
[SourceQuality "1"]
[WhiteTeam "Hamburger SK"]
[BlackTeam "Coswig 1920"]
[WhiteTeamCountry "GER"]
[BlackTeamCountry "GER"]

1. e4 d5 2. exd5 Nf6 3. Bb5+ Bd7 4. Be2 Bf5 5. Nf3 Nxd5 6. d4 e6 7. 0-0 Nc6 8. c4 Ndb4 9. Na3 Be7 10. Be3 0-0 11. Qd2 Qd7 12. Rfc1 Rad8 13. Nb5 Bf6 14. a3 Nc2 15. Rxc2 Bxc2 16. Qxc2 a6 17. Nc3 Nxd4 18. Nxd4 Bxd4 19. Rd1 c5 20. Bg5 Rc8 21. Bd3 h6 22. Bh4 Qc7 23. Qe2 Qb6 24. Re1 g6 25. h3 Kh7 26. Rb1 Qb3 27. Ne4 Rc7 28. Bc2 Qb6 29. Nf6+ Kg7 30. Qf3 Qd6 31. Rd1 b5 32. b3 bxc4 33. bxc4 Rb8 34. Ne4 Qc6 35. Rxd4 cxd4 36. Qf6+ Kh7 37. Bg3 Rh8 38. Be5 Rg8 39. Qh4 g5 40. Nxg5# 1-0

[Event "Sachsen-ch U18"]
[Site "Sebnitz"]
[Date "2012.04.10"]
[Round "1"]
[White "Plaettner, Stefan"]
[Black "Merker, Konstantin"]
[Result "1-0"]
[WhiteElo "1848"]
[BlackElo "1644"]
[PlyCount "53"]
[EventDate "2012.04.10"]
[EventType "swiss"]
[EventRounds "7"]
[EventCountry "GER"]
[SourceTitle "CBM 148 Extra"]
[Source "ChessBase"]
[SourceDate "2012.06.22"]
[SourceVersion "1"]
[SourceVersionDate "2012.06.22"]
[SourceQuality "1"]

1. e4 d5 2. exd5 Nf6 3. Nf3 Nxd5 4. d4 Bg4 5. Be2 e6 6. 0-0 Nc6 7. c4 Nb6 8. c5 Nd5 9. h3 Bf5 10. Nc3 Be7 11. Qb3 Ndb4 12. Be3 0-0 13. Rac1 b6 14. Rfd1 Nd5 15. Nxd5 exd5 16. cxb6 Nb4 17. bxc7 Qd6 18. a3 Bc2 19. Rxc2 Nxc2 20. Qxc2 Rfc8 21. Rc1 a5 22. Qf5 Rxc7 23. Rxc7 Qxc7 24. Qxd5 Rd8 25. Qa2 Bf6 26. b3 Rc8 27. a4 1-0

[Event "Sachsen-ch U14"]
[Site "Sebnitz"]
[Date "2009.04.15"]
[Round "2"]
[White "Merker, Konstantin"]
[Black "Ruehrmund, Daniel"]
[Result "1/2-1/2"]
[WhiteElo "1340"]
[BlackElo "1713"]
[PlyCount "134"]
[EventDate "2009.04.14"]
[EventType "swiss"]
[EventRounds "7"]
[EventCountry "GER"]
[SourceTitle "EXT 2010"]
[Source "ChessBase"]
[SourceDate "2010.11.25"]
[SourceVersion "1"]
[SourceVersionDate "2010.11.25"]
[SourceQuality "1"]

1. e4 c5 2. f4 d6 3. Nf3 Nc6 4. d3 e6 5. g3 g6 6. Bg2 Bg7 7. 0-0 Nge7 8. Nc3 0-0 9. Nh4 Nd4 10. Kh1 Rb8 11. Bh3 b6 12. g4 f5 13. gxf5 exf5 14. Bg2 Bb7 15. Nf3 Qd7 16. Nxd4 Bxd4 17. Ne2 Bg7 18. Ng3 Rbe8 19. c3 Ba6 20. Rg1 Bb7 21. Bd2 fxe4 22. dxe4 Kh8 23. Qc2 Bc6 24. Rae1 Qb7 25. c4 Rf7 26. Rgf1 Ref8 27. b3 Kg8 28. Qd3 Qc7 29. Be3 Bh6 30. Qd2 Bb7 31. Kg1 Bg7 32. Rd1 Rf6 33. e5 dxe5 34. Qd7 Qxd7 35. Rxd7 Bxg2 36. Kxg2 Nf5 37. Nxf5 Rxf5 38. Rxa7 exf4 39. Bc1 f3+ 40. Kh1 f2 41. Re7 Bf6 42. Re2 Bh4 43. Kg2 Kf7 44. Bb2 Rg5+ 45. Kh1 Kg8 46. Bc3 Rgf5 47. Kg2 g5 48. Re7 R5f7 49. Re6 g4 50. Be5 Ra7 51. Bg3 Bxg3 52. hxg3 Rxa2 53. Rxb6 Rb2 54. Rb5 Rf5 55. Rb7 h5 56. Rc7 Rc2 57. Rd7 Rf3 58. Rd5 Rcc3 59. Rd8+ Kg7 60. Rd7+ Kf6 61. Rxf2 Rxf2+ 62. Kxf2 Rf3+ 63. Kg2 Rxb3 64. Rd5 Rb2+ 65. Kg1 Rc2 66. Rxc5 Rc3 67. Kg2 Rc2+ 1/2-1/2

[Event "Sachsen-ch U10"]
[Site "Sebnitz"]
[Date "2005.03.30"]
[Round "3"]
[White "Merker, Konstantin"]
[Black "Ruehrmund, Daniel"]
[Result "0-1"]
[WhiteElo "1083"]
[BlackElo "1210"]
[PlyCount "52"]
[EventDate "2005.03.29"]
[EventType "swiss"]
[EventRounds "7"]
[EventCountry "GER"]
[SourceTitle "EXT 2007"]
[Source "ChessBase"]
[SourceDate "2006.11.23"]
[SourceVersion "1"]
[SourceVersionDate "2006.11.23"]
[SourceQuality "1"]

1. e4 c5 2. Nf3 d6 3. d4 cxd4 4. Nxd4 Nf6 5. Nc3 g6 6. Be3 Bg7 7. Be2 0-0 8. 0-0 Nc6 9. f4 a6 10. f5 b5 11. Nxc6 Qc7 12. Nd4 b4 13. Nd5 Nxd5 14. exd5 Bb7 15. Bf3 Qc4 16. g4 Bxd5 17. Bxd5 Qxd5 18. b3 Rac8 19. Qd3 Rc3 20. Qxa6 Bxd4 21. Bxd4 Qxd4+ 22. Kh1 Qe4+ 23. Kg1 Qxg4+ 24. Kh1 Rxc2 25. Rg1 Qf3+ 26. Rg2 Qxg2# 0-1